Современная комедия. Т. 1: Белая обезьяна | Идиллия | Серебряная ложка (Запись № 11184010)

Подробности
000 -МАРКЕР
контрольное поле 01402nam2a2200277 4500
001 - ИДЕНТИФИКАТОР ЗАПИСИ
контрольное поле RU\NLR\BIBL_A\011661468
005 - ИДЕНТИФИКАТОР ВЕРСИИ
контрольное поле 20180328155423.0
010 ## - МЕЖДУНАРОДНЫЙ СТАНДАРТНЫЙ НОМЕР КНИГИ (ISBN)
Номер (ISBN) 978-5-00112-074-2
Тираж 5000
021 ## - НОМЕР ГОСУДАРСТВЕННОЙ РЕГИСТРАЦИИ
Код страны Российская Федерация
Номер КН-П-18-011244
Номер Листа государственной регистраци КН-П-18-0790
035 ## - ДРУГИЕ СИСТЕМНЫЕ НОМЕРА
Идентификатор записи (NLR Aleph) 011661468
035 ## - ДРУГИЕ СИСТЕМНЫЕ НОМЕРА
Идентификатор записи (RuMoRGB)009544849
100 ## - ДАННЫЕ ОБЩЕЙ ОБРАБОТКИ
Данные общей обработки 20180320d2018 e y0rusy50 ca
101 1# - ЯЗЫК РЕСУРСА
Язык текста, звукозаписи и т.д. русский
Язык оригинала английский
102 ## - СТРАНА ПУБЛИКАЦИИ ИЛИ ПРОИЗВОДСТВА
Страна публикации Российская Федерация
105 ## - ПОЛЕ КОДИРОВАННЫХ ДАННЫХ: ТЕКСТОВЫЕ МАТЕРИАЛЫ, МОНОГРАФИЧЕСКИЕ
Кодированные данные о монографическом текстовом документе y z 000 y
200 1# - ЗАГЛАВИЕ И СВЕДЕНИЯ ОБ ОТВЕТСТВЕННОСТИ
Основное заглавие Белая обезьяна
Сведения, относящиеся к заглавию [роман]
Основное заглавие Идиллия
Сведения, относящиеся к заглавию [интерлюдия]
Основное заглавие Серебряная ложка
Сведения, относящиеся к заглавию [роман, ч. 1, 2
Первые сведения об ответственности перевод с английского Риты Райт-Ковалевой и др.]
210 ## - ПУБЛИКАЦИЯ, РАСПРОСТРАНЕНИЕ И ДР.
Дата издания, распространения и т.д. 2018
215 ## - ФИЗИЧЕСКАЯ ХАРАКТЕРИСТИКА
Специфическое обозначение материала и объем 505, [5] с.
461 #0 - УРОВЕНЬ НАБОРА
Встроенное поле 001RU\NLR\BIBL_A\011590243
-- 2001#$aСовременная комедия$e[трилогия$eв 2 т.]$fДжон Голсуорси$g[пер. с англ. Александры Кривцовой, Марии Лорие]$vТ. 1
-- 700#1$aГолсуорси$bД.$f1867-1933$gДжон$3RU\NLR\AUTH\771996
Системный номер (АБИС) связанной записи 10834224
Автор Голсуорси, Д. (1867-1933)
Место публикации Москва
Дата публикации 2018
Первые сведения об ответственности Джон Голсуорси
Имя издателя, распространителя и т.д. Время
Сведения, относящиеся к заглавию [трилогия : в 2 т.]
Заглавие Современная комедия
ISBN 9785001120735
Номер тома Т. 1
852 ## - МЕСТОНАХОЖДЕНИЕ И ШИФР ХРАНЕНИЯ
Идентификатор организации NLR
Шифр хранения (Call Number) 2017-3/35751
942 ## - ДОПОЛНИТЕЛЬНЫЕ ЭЛЕМЕНТЫ ЗАПИСИ (АБИС)
Тип экземпляра АБИС Книга
980 ## - КОЛЛЕКЦИЯ
Название коллекции НБР
980 ## - КОЛЛЕКЦИЯ
Название коллекции Национальная библиография

Нет доступных экземпляров.